| 000 | 01434nam a22004817a 4500 | ||
|---|---|---|---|
| 003 | OSt | ||
| 005 | 20230608130626.0 | ||
| 008 | 221006b |||||||| |||| 00| 0 eng d | ||
| 040 | _cBiblioteca Lado V | ||
| 082 |
_a050 _bM113r |
||
| 100 |
_9853 _aMac Adam, Alfred _eeditor |
||
| 245 | _aReview: Latin American Literatura and Arts/ | ||
| 260 |
_aMichigan _c2001 _bScience Press _bAmericas Society |
||
| 300 |
_c21.5x28cm _a98p. |
||
| 366 | _espa | ||
| 490 |
_a62 _v2001 |
||
| 505 | _tEditor's Note | ||
| 505 | _tPoem | ||
| 505 | _tFiction | ||
| 505 | _tConversation | ||
| 505 | _tArt | ||
| 505 | _tDrama | ||
| 505 | _tEssay | ||
| 505 | _tDrama | ||
| 505 | _tArt | ||
| 505 | _tConversation | ||
| 505 | _tFiction | ||
| 505 | _tArt | ||
| 505 | _tFiction | ||
| 505 | _tPoetry | ||
| 505 | _tMusic Review | ||
| 505 | _tTheater Review | ||
| 505 | _tBook Reviews | ||
| 650 |
_2Tesauro de Arte & Arquitectura _aAMERICA LATINA _9703 |
||
| 650 |
_2Tesauro de Arte & Arquitectura _aLITERATURA _9702 |
||
| 650 |
_2Tesauro de Arte & Arquitectura _aARTE _9702 |
||
| 650 |
_2Tesauro de Arte & Arquitectura _aPUBLICACION PERIODICA |
||
| 650 |
_2Tesauro de Arte & Arquitectura _aHOMENAJES |
||
| 650 |
_2Tesauro de Arte & Arquitectura _aCIENCIAS SOCIALES |
||
| 650 |
_2Tesauro de Arte & Arquitectura _aTECNOLOGIA |
||
| 700 |
_aNavarreta, Jose Antonio _eeditor |
||
| 942 |
_2ddc _c1 _h050 _iM113r _n0 |
||
| 999 |
_c3831 _d3831 |
||